| 000 | 00483nam a22001817a 4500 | ||
|---|---|---|---|
| 003 | CEME | ||
| 005 | 20210628210525.0 | ||
| 008 | 210201b xxu||||| |||| 00| 0 eng d | ||
| 020 | _a0-19-579776-0 | ||
| 040 | _c. | ||
| 082 | _a954.91 PAK | ||
| 100 |
_aKennedy, Charles H,Mcneil, Kathleen _979793 |
||
| 245 | _aPakistan at the millennium | ||
| 260 |
_aKARACHI _bOXFORD UNIVERSITY PRESS _c2003 |
||
| 300 | _a384P | ||
| 650 |
_aPAKISTAN AT THE MILLENNIUM _979794 |
||
| 942 |
_cBK _2ddc |
||
| 999 |
_c584785 _d584785 |
||